LIBRARY & INFORMATION CENTRE, KCAET, TAVANUR

ONLINE PUBLIC ACCESS CATALOGUE (OPAC)

Fundamentals of farm business management / (Record no. 9479)

MARC details
000 -LEADER
fixed length control field 00576cam a2200229ua 4500
020 ## - INTERNATIONAL STANDARD BOOK NUMBER
ISBN 81 7096 020 7
041 ## - LANGUAGE CODE
Language code of text/sound track or separate title eng
082 ## - DEWEY DECIMAL CLASSIFICATION NUMBER
Classification number 630.687
Item number JOH/FU
100 ## - MAIN ENTRY--AUTHOR NAME
Personal name Johl, S S .
245 ## - TITLE STATEMENT
Title Fundamentals of farm business management /
250 ## - EDITION STATEMENT
Edition statement 1 /
260 ## - PUBLICATION, DISTRIBUTION, ETC. (IMPRINT)
Place of publication New Delhi :
Name of publisher Kalyani Publishers ,
Year of publication 1992.
300 ## - PHYSICAL DESCRIPTION
Number of Pages 475 ; .
700 1# - ADDED ENTRY--PERSONAL NAME
Personal name Kapur, T R .
942 ## - ADDED ENTRY ELEMENTS (KOHA)
Koha item type Books
Holdings
Withdrawn status Lost status Damaged status Home library Current library Date acquired Full call number Accession Number Koha item type
      KAUAET KAUAET 07/04/2012 630.687 18645 Books
      KAUAET KAUAET 07/04/2012 630.687 14681 Books
      KAUAET KAUAET 02/09/1986 630.687 15638 Books
      KAUAET KAUAET 07/04/2012 630.687 18409 Books
free website counter